Catalog

Record Details

Catalog Search



Die deutsche Okkupation des serbischen Banats 1941 - 1944 unter besonderer Berücksichtigung der deutschen Volksgruppe in Jugoslawien  Cover Image Book Book

Die deutsche Okkupation des serbischen Banats 1941 - 1944 unter besonderer Berücksichtigung der deutschen Volksgruppe in Jugoslawien / Akiko Shimizu

Shimizu, Akiko (Author).

Record details

  • ISBN: 3-8258-5975-4
  • Physical Description: VIII, 487 S. :bIll., Kt
  • Publisher: Münster : Lit, 2003

Content descriptions

Dissertation Note:
Zugl.: Regensburg, Univ., Diss., 2000

Available copies

  • 1 of 1 copy available at Common Catalog SPOK.

Holds

  • 0 current holds with 1 total copy.
Show Only Available Copies
Location Call Number / Copy Notes Barcode Shelving Location Status Due Date
Terezin Initiative Institute 4198 4594304198 Knihovna ITI Available -

LDR 02410nam a2200589 4500
00149787
003CZ-PrJAB
00520220914082434.0
008030731s2003 gw 000 0 ger d
020 . ‡a3-8258-5975-4
035 . ‡a(DE-601)367209357
035 . ‡a(OCoLC)237826057
040 . ‡aGBVCP ‡bger ‡cGBVCP
0410 . ‡ager
1001 . ‡aShimizu, Akiko ‡4aut
24514. ‡aDie deutsche Okkupation des serbischen Banats 1941 - 1944 unter besonderer Berücksichtigung der deutschen Volksgruppe in Jugoslawien / ‡cAkiko Shimizu
260 . ‡aMünster : ‡bLit, ‡c2003
300 . ‡aVIII, 487 S. :bIll., Kt
4900 . ‡aRegensburger Schriften aus Philosophie, Politik, Gesellschaft und Geschichte ; ‡v5
502 . ‡aZugl.: Regensburg, Univ., Diss., 2000
910 . ‡aABE340 ‡b4198
995 . ‡aska
901 . ‡a49787 ‡bAUTOGEN ‡c49787 ‡tbiblio

Additional Resources